Logo BPK

Bibliografia Prac Pracowników

Politechniki Koszalińskiej

CLP-based project-driven manufacturing / (Rekord nr 1001)

Szczegóły MARC
000 -ETYKIETA REKORDU
podpole kontrolne o stałej długości 00800naa a2200205 i 4500
001 - NUMER KONTROLNY REKORDU
podpole kontrolne 1001
003 - IDENTYFIKATOR NUMERU KONTROLNEGO REKORDU
podpole kontrolne KOSZ 005
005 - DATA OSTATNIEJ MODYFIKACJI REKORDU
podpole kontrolne 20180221122756.0
008 - POLE O STAŁEJ DŁUGOŚCI - DANE KONTROLNE
podpole kontrolne o stałej długości s pl f |000 pol
040 ## - ŹRÓDŁO KATALOGOWANIA
Instytucja, która utworzyła rekord KOSZ 005
041 ## - KOD JĘZYKA
Kod języka tekstu eng
100 1# - NAZWA OSOBOWA
Nazwa osobowa BANASZAK, Zbigniew.
Lata pracy 2003 - .
Instytucja Politechnika Koszalińska - Wydział Elektroniki i Informatyki,
Wydział Katedra Telekomunikacji
245 10 - TYTUŁ/ODPOWIEDZIALNOŚĆ
Tytuł CLP-based project-driven manufacturing /
Pozostałe elementy strefy tytułu i oznaczenia odpowiedzialności Z. Banaszak, M. Zaremba.
260 ## - STREFA ADRESU WYDAWNICZEGO
Data publikacji, dystrybucji/powstania dokumentu 2004.
500 ## - UWAGI OGÓLNE
Tekst uwagi Dane z bibliografii załącznikowej.
655 #0 - TERMIN INDEKSOWY - OKREŚLENIE RODZAJU/FORMY DOKUMENTU
Określnie rodzaju/formy dokumentu Materiały konferencyjne.
711 ## - HASŁO DODATKOWE - NAZWA IMPREZY
Nazwa imprezy Symposium on Cost Oriented Automation
Oznaczenie części/sekcji dzieła (7 ;
Data imprezy 2004.06.6-9 ;
Miejsce imprezy Gatineau, Quebec, Kanada).
773 0# - TYTUŁ DOKUMENTU MACIERZYSTEGO
Wyrażenie wprowadzające W :
Tytuł Prep. of the 7th FAC Symposium on Cost Oriented Automation. -
Adres wydawniczy 2004. -
Informacje dotyczące relacji s. 269-274
942 ## - HASŁO DODATKOWE - ELEMENTY(KOHA)
Typ dokumentu Rozdział
Schemat klasyfikacji Uniwersalna klasyfikacja dziesiętna

Brak dostępnych egzemplarzy.

© 2014 Biblioteka Politechniki Koszalińskiej :: BIBLIOGRAFIA PRAC PRACOWNIKÓW